Moyens de transport de A à Z par image - Statistiques

Statistiques générales
  • Ce quiz a été pris 631 fois
  • Le résultat moyen est 20 sur 24
Statistiques - réponses
Par images Hint Réponse % Correct
A Avion
100%
B Bus
100%
C Camion
100%
F Fusée
99%
H Hélicoptère
99%
M Moto
99%
T Train
99%
K Kayak
98%
L Luge
98%
Q Quad
98%
R Roller
98%
V Voiture
97%
S Skateboard
96%
J Jet
94%
D Deltaplane
86%
O Overboard
86%
E Echasses
85%
P Parapente
84%
Y Yacht
81%
N Navette
56%
U ULM
54%
Z Zeppelin
36%
W Waveboard
18%
G Gyropode
17%
Aucun quiz correspondant
Distribution des résultats
% des personnes avec chaque résultat
Percentile par nombre de réponses
Votre historique - résultats
Vous n’avez pas pris ce quiz